| 000 | 00886cam a22002653a 4500 | ||
|---|---|---|---|
| 001 | 32942 | ||
| 003 | PGUSA | ||
| 005 | 20140828083719.0 | ||
| 008 | 100622s2010||||xxu|||||s|||||000 1 eng d | ||
| 040 |
_aPGUSA _beng |
||
| 042 | _adc | ||
| 050 | 4 | _aPS | |
| 100 | 1 |
_aMitchell, S. Weir _q(Silas Weir), _d1829-1914 |
|
| 245 | 1 | 4 |
_aThe Red City : _bA Novel of the Second Administration of President Washington _h[electronic resource] / _cS. Weir Mitchell |
| 260 |
_bProject Gutenberg, _c2010 |
||
| 506 | _aPublic domain in the USA. | ||
| 516 | _aElectronic text | ||
| 653 | _aUnited States -- History -- Constitutional period, 1789-1809 -- Fiction | ||
| 653 | _aHistorical fiction | ||
| 653 | _aPhiladelphia (Pa.) -- Fiction | ||
| 700 | 1 |
_aKeller, Arthur Ignatius, _d1866-1924 |
|
| 830 | 0 |
_aProject Gutenberg _v32942 |
|
| 856 | 4 | 0 | _uhttp://www.gutenberg.org/ebooks/32942 |
| 942 | _cEB | ||
| 999 |
_c262197 _d262197 |
||